000 00669nam a2200181Ia 4500
003 GCL
008 140319s9999 xx 000 0 ara d
040 _aGCL /
_cGCL
082 0 4 _a811.1
_bس د
100 1 _aعبد بن الحسحاس، سحيم
245 1 0 _aديوان سحيم: عبد بنى الحسحاس /
_cعبد بن الحسحاس، سحيم
300 _a70 ص
490 _aالهيئة العامة للاستعلامات
_v0
650 0 4 _aالشعر العربى - دواوين وقصائد
650 0 4 _aعبد بن الحسحاس , سحيم
650 0 4 _aالشعر العربى - تاريخ ونقد - العصر الجاهلى
942 _2ddc
_cBK
999 _c51836
_d51836